[Event "34th Olympiad"]
[Site "Istanbul TUR"]
[Date "2000.11.07"]
[Round "10"]
[White "Barus,C"]
[Black "Bryson,D"]
[Result "1-0"]
[WhiteElo "2435"]
[BlackElo "2370"]

1.d4 d5 2.c4 e6 3.Nc3 c6 4.e3 Nf6 5.Nf3 Nbd7 6.Bd3 dxc4 7.Bxc4 b5 8.Bd3 Bb7
9.O-O a6 10.e4 c5 11.d5 c4 12.Bc2 e5 13.Ne2 Bc5 14.Ng3 O-O 15.Bd2 Re8 16.h3 Nf8
17.Kh1 Bc8 18.Rc1 Ng6 19.b4 cxb3 20.Bxb3 Ba3 21.Rc3 Bd6 22.Be3 Bd7 23.Qa1 h6
24.Rc2 Qa5 25.Rfc1 Kh7 26.Ne1 Nf4 27.Qb1 g6 28.Qa1 Qd8 29.Kg1 Qe7 30.a4 h5
31.Nf3 Nd3 32.Rd1 Nb4 33.Rcc1 Kg8 34.Bg5 Kg7 35.axb5 axb5 36.Qb2 Qf8 37.Qd2 Ng8
38.Ne1 f6 39.Be3 Kh7 40.Nd3 Nxd3 41.Qxd3 Nh6 42.Rc2 Nf7 43.Ne2 Rec8 44.Rxc8 Qxc8
45.Qb1 Kg7 46.Nc1 Qf8 47.Nd3 Rc8 48.Rc1 g5 49.Rc2 h4 50.f3 f5 51.Rxc8 Qxc8
52.Qc2 fxe4 53.Qxc8 Bxc8 54.fxe4 Kf6 55.Bd1 Be7 56.Kf1 Nd6 57.Bf3 Nc4 58.Bc1 Bd7
59.Ke1 Be8 60.Nf2 Bb4+ 61.Kd1 Bc5 62.Ng4+ Kg6 63.Kc2 Bd4 64.Be2 Bd7 65.Nh2 Ne3+
66.Bxe3 Bxe3 67.Bg4 Be8 68.Bf5+ Kf7 69.Nf3 Bf4 70.d6 Bc6 71.Kc3 Ke8 72.Kb4 Bd7
73.Bg6+ Kd8 74.Kc5 Be6 75.Bh5 Kd7 76.Bg4 Bxg4 77.hxg4 b4 78.Kxb4 Kxd6 79.Kc4 Be3
80.Kb5 Bf4 81.Ne1 Be3 82.Nd3 Bd4 83.Nb4 Bf2 84.Nc6 Be3 85.Nd8 Bd2 86.Nb7+ Kc7
87.Nc5 Kd6 88.Na4 Bc1 89.Nb6 Ke6 90.Nc4 Bf4 91.Kc6 Bc1 92.Nd6 Bf4 93.Nb5 Bc1
94.Nc7+ Kf6 95.Kd7 Bb2 96.Kd6 Ba3+ 97.Kd5 Bb2 98.Na6 Ba3 99.Nc5 Bb2 100.Nd7+ Ke7
101.Nxe5 Bc1 102.Nf3 Bf4 103.e5 Bc1 104.Ke4  1-0

[Event "34th Olympiad"]
[Site "Istanbul TUR"]
[Date "2000.11.07"]
[Round "10"]
[White "Agrest,E"]
[Black "Nogueiras,J"]
[Result "1/2-1/2"]
[WhiteElo "2554"]
[BlackElo "2552"]

1.c4 e6 2.Nf3 d5 3.d4 Nf6 4.Nc3 c6 5.e3 Nbd7 6.Qc2 b6 7.Bd3 Bb7 8.O-O Be7
9.b3 Qc7 10.Bb2 Rd8 11.Rad1 h6 12.Qe2 O-O 13.Ne5 Nxe5 14.dxe5 Nd7 15.f4 dxc4
16.bxc4 Nc5 17.Bb1 Rxd1 18.Nxd1 b5 19.Nf2 bxc4 20.Qxc4 Ba6 21.Qc2 g6 22.Rc1 Rb8
23.Bd4 Qa5 24.Qd1 Qa3  1/2-1/2

[Event "34th Olympiad Women"]
[Site "Istanbul TUR"]
[Date "2000.11.08"]
[Round "11"]
[White "Nakagawa,E"]
[Black "Martinez,AleiJ"]
[Result "0-1"]
[WhiteElo "2005"]
[BlackElo "2181"]

1.d4 e6 2.c4 Nf6 3.Nc3 d5 4.Nf3 c6 5.e3 Nbd7 6.Bd3 Bd6 7.O-O O-O 8.cxd5 exd5
9.b3 Re8 10.Bb2 Ne4 11.Rc1 Ndf6 12.h3 Nxc3 13.Rxc3 Ne4 14.Rc1 Bf5 15.Bb1 Qf6
16.Ne5 Qh6 17.Qf3 Bg6 18.Qd1 Bh5 19.Qd3 f6 20.Nd7 Bg4 21.Ne5 Bxh3 22.f4 Bxg2
23.Kxg2 fxe5 24.dxe5 Qg6+ 25.Kh2 Qh5+ 26.Kg2 Qg4+ 27.Kh2 Re6 28.f5 Rh6+  0-1

[Event "Chigorin Mem"]
[Site "St Petersburg RUS"]
[Date "2000.11.08"]
[Round "7"]
[White "Yevseev,D"]
[Black "Korobov,A"]
[Result "1-0"]
[WhiteElo "2516"]
[BlackElo "2378"]

1.d4 d5 2.c4 e6 3.Nf3 c6 4.Nc3 Nf6 5.e3 Nbd7 6.Bd3 dxc4 7.Bxc4 b5 8.Bd3 Bb7
9.O-O a6 10.e4 c5 11.d5 e5 12.b3 Bd6 13.Re1 O-O 14.Bf1 h6 15.Nh4 Re8 16.Nf5 Bf8
17.a4 b4 18.Nb1 a5 19.Nd2 Ba6 20.Bxa6 Rxa6 21.Qe2 Qa8 22.Nc4 Kh7 23.f3 g6
24.Ng3 Nb6 25.Nxb6 Rxb6 26.Nf1 Nd7 27.Be3 f5 28.exf5 gxf5 29.Qc2 Rf6 30.Ng3 Qxd5
31.Rad1 Qe6 32.Nxf5 Qxf5 33.Rxd7+ Re7 34.Qxf5+ Rxf5 35.Rd5 Rc7 36.Rc1 Rf6
37.Rc4 Rd6 38.Rxd6 Bxd6 39.Kf2 Kg6 40.Ke2 h5 41.Kd3 Be7 42.Rc2 Kf5 43.Kc4 e4
44.Rd2 exf3 45.gxf3 h4 46.Rd5+ Ke6 47.f4 Rc8 48.Bxc5 Bf6 49.f5+ Kf7 50.Rd7+ Kg8
51.Kb5 Re8 52.Kxa5 Re2 53.h3  1-0

[Event "Chigorin Mem"]
[Site "St Petersburg RUS"]
[Date "2000.11.08"]
[Round "7"]
[White "Riazantsev,A"]
[Black "Khassanov,M"]
[Result "1/2-1/2"]
[WhiteElo "2418"]
[BlackElo "2338"]

1.d4 d5 2.c4 c6 3.Nf3 Nf6 4.Nc3 e6 5.e3 Nbd7 6.Bd3 dxc4 7.Bxc4 b5 8.Bd3 Bb7
9.O-O b4 10.Ne4 Be7 11.Nxf6+ Nxf6 12.e4 O-O 13.e5 Nd7 14.Qc2 h6 15.Be4 Qb8
16.Be3 c5 17.Rfd1 Rc8 18.d5 exd5 19.Bxd5 Bxd5 20.Rxd5 Nb6 21.Rd2 Rc6 22.Rad1 Qc8
23.Qe4 Rg6 24.h3 Qc6 25.Qxc6 Rxc6 26.Rc1 Rac8 27.Kf1 Kf8 28.Ke2 Ke8 29.Rdc2 Re6
30.Kf1 Nd7 31.Bf4 Rd8 32.Re1 Nb6 33.Nd2 Nd5 34.Bg3 Ra6 35.Ne4 Kf8 36.b3 Nc3
37.Nxc3 bxc3 38.Bf4 c4 39.bxc4 Ra4 40.Re4 f5 41.exf6 Bxf6 42.f3 Re8 43.Bd6+ Kf7
44.Rxe8 Kxe8 45.c5 Kd7 46.Ke2 Kc6 47.f4 Re4+ 48.Kf3 Rd4 49.Be5 Rc4 50.Bd6  1/2-1/2

[Event "FSIM November"]
[Site "Budapest HUN"]
[Date "2000.11.09"]
[Round "6"]
[White "Dub,Z"]
[Black "Dudas,Jano"]
[Result "1-0"]
[WhiteElo "2137"]
[BlackElo "2338"]

1.d4 Nf6 2.Nf3 d5 3.c4 c6 4.Nc3 e6 5.e3 Nbd7 6.Qc2 Bd6 7.Bd3 O-O 8.O-O Qe7
9.c5 Bc7 10.e4 dxe4 11.Nxe4 h6 12.Re1 Nxe4 13.Bxe4 Nf6 14.Bd2 Nxe4 15.Qxe4 Qf6
16.Ne5 Rd8 17.Bf4 Bd7  1-0

[Event "Chigorin Mem"]
[Site "St Petersburg RUS"]
[Date "2000.11.09"]
[Round "8"]
[White "Kotanjian,T"]
[Black "Ivanov,Se"]
[Result "0-1"]
[WhiteElo "2272"]
[BlackElo "2574"]

1.c4 e6 2.Nc3 d5 3.d4 c6 4.e3 Nf6 5.Nf3 Nbd7 6.Qc2 Bd6 7.g4 Bb4 8.Bd2 Qe7
9.Rg1 Bxc3 10.Bxc3 b6 11.Nd2 h6 12.e4 dxe4 13.Nxe4 Bb7 14.O-O-O Nxe4 15.Qxe4 Nf6
16.Qe3 O-O-O 17.Be2 Qc7 18.h3 Rd7 19.Qe5 Qxe5 20.dxe5 Ne4 21.Rxd7 Kxd7 22.Be1 f6
23.exf6 gxf6 24.h4 e5 25.Bd3 Nd6 26.Bc3 c5 27.f4 exf4 28.Bxf6 Re8 29.Rf1 Be4
30.Kc2 Bxd3+ 31.Kxd3 Re3+ 32.Kc2 f3 33.Bg7 Ne4 34.Bxh6 Re2+ 35.Kd3 Nf2+ 36.Kc3 Nxg4
37.Bd2 Nh2 38.Rd1 f2 39.Bf4+ Kc8  0-1

[Event "34th Olympiad Women"]
[Site "Istanbul TUR"]
[Date "2000.11.10"]
[Round "13"]
[White "Kachiani,K"]
[Black "Peng Zhaoqin"]
[Result "1-0"]
[WhiteElo "2448"]
[BlackElo "2403"]

1.d4 d5 2.c4 e6 3.Nf3 c6 4.e3 Nf6 5.Nc3 Nbd7 6.Qc2 Bd6 7.Bd3 O-O 8.O-O h6
9.Bd2 Qe7 10.c5 Bc7 11.e4 dxe4 12.Nxe4 e5 13.Rfe1 exd4 14.Nd6 Qd8 15.Nf5 Nd5
16.N3xd4 Ne5 17.Be4 Re8 18.f4 Ng4 19.Bxd5 cxd5 20.Rxe8+ Qxe8 21.Re1 Qd8 22.Ne7+ Kh8
23.Nxd5 Be5 24.fxe5 Qxd5 25.Nf3 f6 26.h3 Nxe5 27.Nxe5 fxe5 28.Qc3 Kg8 29.Rxe5 Qf7
30.Qe3 Bf5 31.Re7 Qg6 32.Bc3  1-0

[Event "Chigorin Mem"]
[Site "St Petersburg RUS"]
[Date "2000.11.10"]
[Round "9"]
[White "Kulikov,A"]
[Black "Sinkevich,P"]
[Result "1/2-1/2"]
[WhiteElo "2415"]
[BlackElo "2312"]

1.d4 d5 2.c4 c6 3.Nf3 Nf6 4.Nc3 e6 5.e3 Nbd7 6.Qc2 Bd6 7.Bd3 O-O 8.O-O dxc4
9.Bxc4 b5 10.Be2 Bb7 11.Rd1 Qb8 12.e4 e5 13.Bg5 Re8 14.dxe5 Bxe5 15.Nxe5  1/2-1/2

[Event "Chigorin Mem"]
[Site "St Petersburg RUS"]
[Date "2000.11.10"]
[Round "9"]
[White "Grebionkin,Vl"]
[Black "Korobov,A"]
[Result "1-0"]
[WhiteElo "2438"]
[BlackElo "2378"]

1.Nf3 d5 2.c4 c6 3.e3 Nf6 4.Nc3 e6 5.d4 Nbd7 6.Qc2 Bd6 7.b3 O-O 8.Bd3 e5
9.cxd5 cxd5 10.Nb5 Bb4+ 11.Bd2 Bxd2+ 12.Nxd2 e4 13.Be2 a6 14.Nc7 Ra7 15.Rc1 b6
16.g4 Bb7 17.g5 Ne8 18.Nxe8 Qxe8 19.Qc7 Qe7 20.Qf4 Ba8 21.Rc7 Rxc7 22.Qxc7 Qe6
23.h3 Qc6 24.Qxc6 Bxc6 25.O-O Nb8 26.Rc1 Rc8 27.Bg4 Rd8 28.f3 exf3 29.Nxf3 f6
30.gxf6 gxf6 31.Kf2 Kf7 32.Bf5 Bd7 33.Rc7 Ke7 34.Rb7 Kd6 35.Bxd7 Nxd7 36.Ra7 a5
37.Nh4 Rc8 38.Nf5+ Ke6 39.Ng7+ Kd6 40.Nf5+ Ke6 41.Ng7+ Kd6 42.Kf3 Kc6 43.Nf5 Re8
44.h4 Rd8 45.a4 Re8 46.Ke2 h5 47.Kf3 Rd8 48.Ng7 Rh8 49.Kf4 Kd6 50.e4 Rd8
51.e5+ fxe5+ 52.dxe5+  1-0

[Event "34th Olympiad"]
[Site "Istanbul TUR"]
[Date "2000.11.12"]
[Round "14"]
[White "Barus,C"]
[Black "Bertona,F"]
[Result "1-0"]
[WhiteElo "2435"]
[BlackElo "2405"]

1.d4 d5 2.c4 e6 3.Nc3 c6 4.e3 Nf6 5.Nf3 Nbd7 6.Bd3 dxc4 7.Bxc4 b5 8.Bd3 Bb7
9.O-O b4 10.Ne4 Be7 11.Nxf6+ Nxf6 12.Qe2 O-O 13.e4 c5 14.dxc5 Nd7 15.c6 Bxc6
16.Be3 Bb7 17.Rfc1 Qa5 18.Nd4 Ne5 19.Nb3 Qd8 20.Bb5 a6 21.Rd1 Qb8 22.Ba4 Bc6
23.Bxc6 Nxc6 24.Rac1 Qb7 25.Bc5 Rfc8 26.e5 Bxc5 27.Nxc5 Qb5 28.Qxb5 axb5
29.Nd3 b3 30.axb3 Nd4 31.Rc5 Rd8 32.Kf1 Nxb3 33.Rxb5 Nd4 34.Rc5 Nf5 35.g3 Rd4
36.Ke2 Rad8 37.f3 g5 38.b4 h5 39.b5 g4 40.fxg4 Re4+ 41.Kf2 Ne3 42.Kf3 Rdd4
43.Nf2 Nxd1 44.Nxe4 hxg4+ 45.Ke2 Rxe4+ 46.Kxd1 Rb4 47.Kc2 Kg7 48.Kc3 Rb1
49.Kc4 Kg6 50.Rc6 Kf5 51.b6 Kxe5 52.Kc5 f5 53.Rc7 Ke4 54.Re7 e5 55.b7 Kf3
56.Kc6 e4 57.Re8 Kg2 58.b8=Q Rxb8 59.Rxb8 Kxh2 60.Rb3 f4 61.gxf4 g3 62.Kd5 g2
63.Rb2  1-0

[Event "Tenkes Kupa"]
[Site "Harkany HUN"]
[Date "2000.11.17"]
[Round "2"]
[White "Csiszar,C"]
[Black "Szemzo,L"]
[Result "1-0"]
[WhiteElo "2410"]
[BlackElo "2045"]

1.d4 d5 2.c4 c6 3.Nf3 Nf6 4.Nc3 e6 5.e3 Bb4 6.Bd2 Nbd7 7.Bd3 O-O 8.O-O dxc4
9.Bxc4 Re8 10.Re1 Nb6 11.Bb3 a5 12.a3 Bxc3 13.bxc3 Ne4 14.Bc2 Nxd2 15.Nxd2 e5
16.Qh5 g6 17.Qh6 Qf6 18.Ne4 Qg7 19.Qh4 Nd5 20.Bb3 Kh8 21.Bxd5 cxd5 22.Nf6 Rf8
23.Nxd5 Be6 24.Nb6 Ra6 25.Rab1 f5 26.Qg3 f4 27.exf4 exf4 28.Qg5 Rf5 29.Qd8+ Rf8
30.Qd6 Bf5 31.Rb2 Qf6 32.Qc5 f3 33.gxf3 Bh3 34.Qe5 Kg8 35.Qxf6 Rxf6 36.Nd5 Rxf3
37.Rxb7 Re6 38.Rxe6 Bxe6 39.Ne3  1-0

[Event "Tch-ISL"]
[Site "Reykjavik ISL"]
[Date "2000.11.17"]
[Round "1"]
[White "Hjartarson,J"]
[Black "Stefansson,H"]
[Result "1/2-1/2"]
[WhiteElo "2633"]
[BlackElo "2557"]

1.Nf3 d5 2.d4 Nf6 3.c4 e6 4.Nc3 c6 5.e3 Nbd7 6.Qc2 Bd6 7.Be2 O-O 8.O-O Re8
9.Rd1 Qe7 10.h3 dxc4 11.Bxc4 e5 12.Ng5 Rf8 13.d5 Nb6 14.dxc6 bxc6 15.Be2 Bc7
16.Bd2 h6 17.Nge4 Nfd5 18.Nxd5 cxd5 19.Rac1 Bb8 20.Qc5 Qe6 21.Bb4 Rd8 22.Bb5 Bd7
23.Qe7 Re8 24.Qxe6 fxe6 25.Bxd7 Nxd7 26.Rc6 a5 27.Bc3 a4 28.Nd6 Bxd6 29.Rxd6 Ra7
30.a3 Kf7 31.Rc6 Nb8 32.Rb6 Nd7 33.Rc6 Nb8 34.Rb6 Nd7 35.Rb4 Rc8 36.f3 Ke7
37.Kf1 Kd6 38.Rc1 Ke7 39.Ke2 Rc6 40.Bd2 Rxc1 41.Bxc1 Kd6 42.Bd2 h5 43.Bc3 g6
44.g4 Nc5 45.gxh5 gxh5 46.Rh4 e4 47.Rxh5 exf3+ 48.Kxf3 Rf7+ 49.Kg2 Nd3 50.Rh4 Rf2+
51.Kg3 Re2 52.Kf3 Rf2+ 53.Kg3  1/2-1/2

[Event "TCh-FIN 00-01"]
[Site "FIN"]
[Date "2000.11.18"]
[Round "4"]
[White "Solozhenkin,E"]
[Black "Rytshagov,M"]
[Result "1/2-1/2"]
[WhiteElo "2506"]
[BlackElo "2525"]

1.d4 d5 2.c4 c6 3.Nf3 Nf6 4.Nc3 e6 5.e3 Nbd7 6.Qc2 Bd6 7.Bd3 O-O 8.O-O e5
9.cxd5 cxd5 10.e4 dxe4 11.Nxe4 Nxe4 12.Bxe4 h6 13.Be3 exd4 14.Bh7+ Kh8 15.Bxd4 Nf6
16.Bf5 Qa5 17.Bxc8 Rfxc8 18.Qb3 Qd5 19.Rfd1 Qxb3 20.axb3 Rd8 21.g3 a6 22.Rac1 Ne8
23.Nh4 Kg8 24.Nf5 Bf8 25.Bb6 Rxd1+ 26.Rxd1 g6 27.Ne3 Nf6 28.Rc1 Re8 29.Rc7  1/2-1/2

[Event "72nd ch-GER"]
[Site "Seebad Heringsdorf GER"]
[Date "2000.11.18"]
[Round "2"]
[White "Hammes,M"]
[Black "Mueller,Ka"]
[Result "1/2-1/2"]
[WhiteElo "2401"]
[BlackElo "2513"]

1.d4 d5 2.c4 c6 3.Nc3 e6 4.e3 Nf6 5.Nf3 Nbd7 6.Qc2 Bd6 7.b3 O-O 8.Be2 e5
9.cxd5 cxd5 10.Nb5 Bb4+ 11.Bd2 Bxd2+ 12.Nxd2 a6 13.dxe5 Nxe5 14.Nd4 Bg4 15.Bxg4 Nfxg4
16.O-O Rc8 17.Qd1 Rc3 18.N2f3 Qd6 19.Nxe5 Nxe5 20.Rc1 Rxc1 21.Qxc1 Ng4 22.Nf3 Nf6
23.Qb2 Rc8 24.Rc1 Rc5 25.Rxc5 Qxc5 26.h3 Ne4 27.Qe5 g6 28.Qb8+ Kg7 29.Qxb7 Qc2
30.Qxd5 Qxf2+ 31.Kh2 Qg3+ 32.Kg1 Qf2+ 33.Kh2 Qg3+ 34.Kg1 Qf2+ 35.Kh2 Qg3+  1/2-1/2

[Event "72nd ch-GER"]
[Site "Seebad Heringsdorf GER"]
[Date "2000.11.18"]
[Round "2"]
[White "Stern,R"]
[Black "Meins,G"]
[Result "1/2-1/2"]
[WhiteElo "2493"]
[BlackElo "2426"]

1.Nf3 d5 2.d4 Nf6 3.c4 c6 4.e3 e6 5.Nc3 Nbd7 6.Qc2 Bd6 7.Bd3 O-O 8.O-O h6
9.Bd2 Re8 10.Rad1 Qe7 11.c5 Bc7 12.e4 dxe4 13.Nxe4 Nd5 14.Rfe1 Qf8 15.Bc4 b6
16.b4 a5 17.cxb6 Bxb6 18.bxa5 Bxa5 19.Bxa5 Rxa5 20.Bb3 Bb7 21.Ne5 Nxe5 22.dxe5 Rea8
23.Nd6 Qe7 24.Rd2 c5 25.Nxb7 Qxb7 26.Red1 Qc7 27.Bxd5 exd5 28.Rxd5 Rxa2 29.Qxc5 Qxc5
30.Rxc5 Re2 31.g3 Raa2 32.Rf1 g5 33.h3 Kg7 34.Kg2 Ra3 35.Rb5 Rc3 36.Rd1 Rcc2
37.Rf1 Rc3 38.Ra5 Rb3 39.Rc5 Ra3 40.Rd5 Rb3 41.Ra5 Rc3 42.h4 g4 43.Ra4 h5
44.Ra5 Kg6 45.Ra6+ Kg7 46.Ra5  1/2-1/2

[Event "TCh-FIN 00-01"]
[Site "FIN"]
[Date "2000.11.19"]
[Round "5"]
[White "Paldanius,P"]
[Black "Seppanen,A"]
[Result "1-0"]
[WhiteElo "2238"]
[BlackElo "2199"]

1.d4 Nf6 2.c4 c6 3.Nc3 d5 4.e3 e6 5.Nf3 Bd6 6.Bd3 Nbd7 7.e4 dxe4 8.Nxe4 Nxe4
9.Bxe4 Nf6 10.Bc2 Bb4+ 11.Bd2 Qa5 12.O-O Bxd2 13.Nxd2 O-O 14.c5 Qb4 15.Nf3 Rd8
16.Qe2 Bd7 17.a3 Qa5 18.Ne5 Qc7 19.Rad1 b6 20.Nc4 Ne8 21.Rfe1 Bc8 22.Ne5 Nf6
23.Qf3 Bb7 24.Nc4 Ne8 25.b4 b5 26.Na5 Nf6 27.g4 h6 28.h4 Nd5 29.Re5 g6 30.h5 g5
31.Qd3 Nf6 32.Qg3 Qe7 33.f4 Nd7 34.Qd3 Nf8 35.fxg5 hxg5 36.Nxb7 Qxb7 37.Rxg5+ Kh8
38.Qe3 f6 39.Rg6 Nxg6 40.Bxg6 e5 41.Be4 Qg7 42.Kh1 Rxd4 43.Rxd4 exd4 44.Qxd4 Rc8
45.Bf3 Kh7 46.Bxc6 Qe7 47.Bd7 Qe1+ 48.Kg2 Qe2+ 49.Kg3 Rf8 50.c6 Rf7 51.c7 Qe1+
52.Kg2 Re7 53.Qd3+  1-0

[Event "VI Open"]
[Site "Lisbon POR"]
[Date "2000.11.20"]
[Round "3"]
[White "Plachkinova,T"]
[Black "Dominguez,L"]
[Result "0-1"]
[WhiteElo "2171"]
[BlackElo "2534"]

1.d4 d5 2.c4 c6 3.Nf3 Nf6 4.Nc3 e6 5.e3 Nbd7 6.Qc2 Bd6 7.Bd2 O-O 8.O-O-O dxc4
9.Bxc4 c5 10.e4 cxd4 11.Nb5 Qe7 12.Nfxd4 Bc5 13.Bg5 a6 14.Nc7 Bxd4 15.Nxa8 Qc5
16.Bh4 b5 17.Bd3 Bb7 18.Qxc5 Bxc5 19.Nc7 Rc8 20.Nxb5 axb5 21.Kb1 Nxe4 22.Bxb5 Ndf6
23.f3 g5 24.Be1 Nf2 25.Bxf2 Bxf2 26.Rc1 Rb8 27.a4 Bd4 28.Rc4 e5 29.Rhc1 Kg7
30.R1c2 g4 31.Rc7 gxf3 32.gxf3 Bxf3 33.Rc8 Rb6 34.Bc6 Nd5 35.a5 Rb4 36.Kc1 Be3+
37.Kb1 Be4 38.Bxd5 Bxd5 39.R2c3 Bd4 40.Rg3+ Kf6 41.b3 Bxb3 42.Kc1 Bd5 43.Ra3 Bb2+  0-1

[Event "72nd ch-GER"]
[Site "Seebad Heringsdorf GER"]
[Date "2000.11.21"]
[Round "5"]
[White "Bischoff,K"]
[Black "Senff,M"]
[Result "1/2-1/2"]
[WhiteElo "2556"]
[BlackElo "2354"]

1.c4 e6 2.Nf3 d5 3.d4 Nf6 4.Nc3 c6 5.e3 Nbd7 6.Qc2 Bd6 7.Be2 O-O 8.b3 Qe7
9.O-O b6 10.cxd5 cxd5 11.Nb5 Ba6 12.Nxd6 Bxe2 13.Qxe2 Qxd6 14.Bb2 Qc6 15.Rfc1 Qb7
16.Rc2 Rfc8 17.Rac1 Ne4 18.Ba3 h6 19.Ne1 a5 20.f3 Nef6 21.Bd6 Ne8 22.Bg3 Nf8
23.Qb5 Nd7 24.Rc6 Kf8 25.Nd3 Rxc6 26.Qxc6 Qxc6 27.Rxc6 Ke7 28.Kf1 Kd8 29.Ne5 Nxe5
30.Bxe5 Ra6 31.g4 Kd7 32.Rc2 Ra8 33.h4 f6 34.Bf4 Rc8 35.Rxc8 Kxc8 36.h5 Kd7
37.a4 Nc7 38.Ke2 Na6 39.e4 Nc7 40.e5 f5 41.g5 hxg5 42.Bxg5 Ke8 43.Bc1 b5
44.axb5 Nxb5 45.Ke3 Kf7 46.Bd2 g6 47.hxg6+ Kxg6 48.Bxa5  1/2-1/2

[Event "Scaccomatto"]
[Site "Torino ITA"]
[Date "2000.11.21"]
[Round "4"]
[White "Skembris,S"]
[Black "Racioppo,P"]
[Result "1-0"]
[WhiteElo "2475"]
[BlackElo "2189"]

1.d4 d5 2.c4 e6 3.Nf3 Nf6 4.Nc3 c6 5.e3 Nbd7 6.Qc2 b6 7.cxd5 exd5 8.Bd3 Bb7
9.O-O Be7 10.e4 dxe4 11.Nxe4 O-O 12.Ne5 c5 13.Nxf6+ Nxf6 14.dxc5 Qd5 15.c6 Rac8
16.Qe2 Bxc6 17.Nxc6 Rxc6 18.Bxh7+ Kxh7 19.Qxe7 Re8 20.Qxa7 Re2 21.Qa3 Rcc2
22.Qh3+ Qh5 23.Qxh5+ Nxh5 24.a4 Nf6 25.Ra3 Ne4 26.Rf3 f6 27.b3 Nxf2 28.R3xf2 Rxf2
29.Rxf2 Rxc1+ 30.Rf1 Rc2 31.Rf5 Kg6 32.Rb5 Rc6 33.Kf2 Kf7 34.h4 g6 35.g4 Ke6
36.Ke3 Kd7 37.h5 gxh5 38.gxh5 Ke6 39.Ke4 Kf7 40.b4 Rd6 41.Rd5 Rc6 42.Kf5 Rc4
43.Rb5 Rc6 44.Ke4 Rd6 45.Rd5 Rc6 46.Kd4 Ke6 47.h6 f5 48.Rd8 Rc1 49.Re8+  1-0

[Event "Autumn Cup IM"]
[Site "Bucharest ROM"]
[Date "2000.11.22"]
[Round "3"]
[White "Milanovic,Sla"]
[Black "Vioreanu,B"]
[Result "0-1"]
[WhiteElo "2324"]
[BlackElo "2280"]

1.c4 e6 2.Nc3 d5 3.d4 c6 4.Nf3 Nf6 5.e3 Nbd7 6.Qc2 Bd6 7.Bd2 O-O 8.O-O-O Qe7
9.c5 Bc7 10.e4 dxe4 11.Nxe4 Nxe4 12.Qxe4 e5 13.Nxe5 Nxe5 14.dxe5 Qxc5+ 15.Bc3 Qxf2
16.Bd3 g6 17.Rhf1 Qc5 18.Kb1 Rd8 19.Rf6 Be6 20.Rxe6 fxe6 21.Qg4 Qe7 22.Bb4 Qe8
23.Kc2 Bxe5 24.Qg5 Bg7 25.Re1 Rd4 26.Be7 Qd7 27.Be4  0-1

[Event "72nd ch-GER"]
[Site "Seebad Heringsdorf GER"]
[Date "2000.11.23"]
[Round "7"]
[White "Alber,H"]
[Black "Senff,M"]
[Result "0-1"]
[WhiteElo "2340"]
[BlackElo "2354"]

1.d4 d5 2.c4 e6 3.Nc3 c6 4.e3 Nf6 5.Nf3 Nbd7 6.Bd3 dxc4 7.Bxc4 b5 8.Bb3 Bb7
9.O-O b4 10.Na4 c5 11.Qe2 Qa5 12.Nxc5 Nxc5 13.dxc5 Bxc5 14.Bd2 Ne4 15.Rfc1 O-O
16.Be1 Bd6 17.Nd4 Qe5 18.f4 Qf6 19.Nb5 Bc5 20.Rc4 a6 21.Rac1 axb5 22.Rxc5 Nxc5
23.Rxc5 Rac8 24.Re5 Qg6 25.e4 Rfd8 26.Bxb4 Rd4 27.f5 Qf6 28.Rxb5 Ba6 29.Bc3 Bxb5
30.Qxb5 exf5 31.e5 Qh4 32.e6 fxe6 33.Qb7 Rxc3 34.bxc3 Qe1+  0-1

[Event "VI Open"]
[Site "Lisbon POR"]
[Date "2000.11.25"]
[Round "8"]
[White "Pogorelov,R"]
[Black "Heinlein,R"]
[Result "1/2-1/2"]
[WhiteElo "2445"]
[BlackElo "2171"]

1.Nf3 d5 2.d4 Nf6 3.c4 e6 4.Nc3 c6 5.e3 Nbd7 6.Qc2 Bd6 7.Bd3 O-O 8.O-O Re8
9.Rd1 Qe7 10.e4 dxe4 11.Nxe4 Nxe4 12.Bxe4 h6 13.Bd2 Nf6 14.c5 Nxe4 15.Qxe4 Bc7
16.Bf4 e5 17.Re1 f5 18.Qc2 e4 19.Bxc7 Qxc7 20.Ne5 Be6 21.b3 Rad8 22.Rad1 Bd5
23.Nc4 Bxc4 24.bxc4 Qf7 25.h3 Rd7 26.Re2 Kh8 27.Kh1 Qf8 28.Kg1 Qf7 29.Kh1 Qf8
30.Kg1  1/2-1/2

[Event "72nd ch-GER"]
[Site "Seebad Heringsdorf GER"]
[Date "2000.11.25"]
[Round "9"]
[White "Berezovsky,I"]
[Black "Senff,M"]
[Result "1/2-1/2"]
[WhiteElo "2404"]
[BlackElo "2354"]

1.c4 e6 2.Nc3 d5 3.d4 c6 4.e3 Nf6 5.Nf3 Nbd7 6.Qc2 Bd6 7.Be2 O-O 8.O-O Qe7
9.Rd1 dxc4 10.Bxc4 e5 11.h3 e4 12.Ng5 Nb6 13.Bb3 Bf5 14.f3 Rae8 15.Ngxe4 Nxe4
16.fxe4 Bg6 17.Qf2 Bxe4 18.Nxe4 Qxe4 19.Bc2 Qe7 20.e4 c5 21.e5 Bc7 22.Qf5 g6
23.Qf6 cxd4 24.Bh6 Bxe5 25.Qxe7 Rxe7 26.Bxf8 Kxf8 27.Re1 Nc4 28.b3 Ne3 29.Bd3 Bg3
30.Rec1 Nd5 31.Rc4 Bf4 32.b4 Be3+ 33.Kh2 h5 34.g3 Kg7 35.a4 h4 36.gxh4 Bf4+
37.Kg1 Re3 38.Rxd4 Be5 39.Rxd5 Bxa1 40.Kg2 Bf6 41.Rd7 Bxh4 42.Bc4 Re7 43.Rxe7 Bxe7  1/2-1/2

[Event "TCh-SVK"]
[Site "SVK"]
[Date "2000.11.25"]
[Round "3"]
[White "Hlavac,P"]
[Black "Danek,P SVK"]
[Result "0-1"]
[WhiteElo "2100"]
[BlackElo "2217"]

1.d4 d5 2.c4 e6 3.Nf3 Nf6 4.Nc3 c6 5.e3 Bd6 6.Qc2 Nbd7 7.c5 Bc7 8.b4 a6 9.a4 O-O
10.Bb2 e5 11.dxe5 Nxe5 12.Nxe5 Bxe5 13.Be2 Re8 14.O-O Bg4 15.f3 Bh5 16.Rad1 Bg6
17.Qd2 Qe7 18.Bc1 Rad8 19.Bd3 d4 20.exd4 Rxd4 21.Qc2 Rxb4 22.Ne2 Bxd3 23.Rxd3 Bxh2+
24.Kxh2 Qxe2 25.Qxe2 Rxe2 26.Rd8+ Re8 27.Rxe8+ Nxe8 28.Be3 Nc7 29.Rd1 Nd5
30.Rd4 a5 31.Bf2 Kf8 32.Kg3 Ke7 33.Rd1 Rxa4 34.Re1+ Kd7 35.Rh1 h6 36.Rh5 Rc4
37.Rh1 a4 38.Rb1 Kc8 39.Re1 Nb4 40.Re8+ Kd7 41.Rf8 Ke6 42.Rb8 Na6 43.Rxb7 Nxc5
44.Ra7 Nd3 45.Be3 g5 46.Bb6 Nf4 47.Bc7 Nd5 48.Bd8 Rc2 49.Rxa4 Nf4 50.Kh2 Rxg2+
51.Kh1 Rf2 52.Ra3 Rd2 53.Re3+ Kf5 54.Bc7 f6 55.Rc3 Nd5 56.Rc5 Rd3 57.Kg2 Rc3
58.Ra5 Rc2+ 59.Kg1 h5 60.Bd8 Kf4 61.Ra3 h4 62.Ba5 Ne3 63.Bd8 Kg3 64.Bc7+ Kxf3
65.Bd8 Rc1+ 66.Kh2 g4 67.Rxe3+ Kxe3 68.Bxf6 Rc2+ 69.Kh1 Kf3 70.Bxh4 g3 71.Bg5 Re2  0-1

[Event "TCh-SVK"]
[Site "SVK"]
[Date "2000.11.25"]
[Round "3"]
[White "Timoscenko,G"]
[Black "Lisko,F"]
[Result "1/2-1/2"]
[WhiteElo "2529"]
[BlackElo "2339"]

1.d4 d5 2.c4 e6 3.Nf3 Nf6 4.Nc3 c6 5.e3 Nbd7 6.Qc2 Bd6 7.Be2 dxc4 8.Bxc4 O-O
9.O-O a6 10.Rd1 Qc7 11.Ne4 Nxe4 12.Qxe4 Re8 13.Qh4 Be7 14.Qh3 Kf8 15.e4 c5
16.dxc5 Bxc5  1/2-1/2

[Event "Scaccomatto"]
[Site "Torino ITA"]
[Date "2000.11.25"]
[Round "8"]
[White "Genova,R"]
[Black "Scarenzio,R"]
[Result "0-1"]
[WhiteElo "2191"]
[BlackElo "2024"]

1.d4 d5 2.c4 c6 3.e3 Nf6 4.Nc3 e6 5.Nf3 Nbd7 6.Qc2 Bd6 7.Bd3 dxc4 8.Bxc4 Qa5
9.O-O O-O 10.Rd1 b5 11.Be2 b4 12.Na4 Ba6 13.Bxa6 Qxa6 14.b3 Rac8 15.e4 c5
16.d5 exd5 17.exd5 Rfe8 18.Be3 c4 19.Qf5 g6 20.Qg5 Ne4 21.Qh4 Ndf6 22.Nb2 Nc3
23.Nxc4 Nfxd5 24.Nxd6 Qxd6 25.Rd2 Qc7 26.Rf1 Nxe3 27.fxe3 Qe7 28.Ng5 f6 29.Nh3 Qxe3+
30.Qf2 Ne2+ 31.Rxe2 Qxe2 32.Qxa7 Rc2 33.Qb7 Kh8 34.Nf4 Qe3+ 35.Kh1 Qxf4  0-1

[Event "Mitropa Team Cup"]
[Site "Charleville FRA"]
[Date "2000.11.27"]
[Round "3"]
[White "Pelletier,Y"]
[Black "Pingitzer,H"]
[Result "1-0"]
[WhiteElo "2474"]
[BlackElo "2278"]

1.d4 d5 2.c4 e6 3.Nf3 c6 4.e3 Nf6 5.Nc3 Nbd7 6.Qc2 Bd6 7.b3 O-O 8.Be2 b6
9.O-O Bb7 10.Bb2 Qe7 11.Rfe1 Rac8 12.e4 dxe4 13.Nxe4 Nxe4 14.Qxe4 Ba3 15.Bc3 Bb4
16.Bxb4 Qxb4 17.Rec1 Qe7 18.c5 a5 19.Bd3 g6 20.cxb6 Rfd8 21.Qe1 Qb4 22.Be4 Qxb6
23.Qe3 Qa7 24.Rc4 c5 25.Bxb7 Qxb7 26.dxc5 Qd5 27.Rd4 Qa8 28.h4 Nf6 29.Rxd8+ Rxd8
30.Rc1 Ng4 31.Qf4 h5 32.Ng5 Rd7 33.f3 Nh6 34.Ne4 Kg7 35.Qe5+ f6 36.Qxf6+  1-0

[Event "FIDE WCh Women KO"]
[Site "New Delhi IND"]
[Date "2000.11.28"]
[Round "1.2"]
[White "Maric,A"]
[Black "Tkeshelashvili,S"]
[Result "1-0"]
[WhiteElo "2443"]
[BlackElo "2286"]

1.Nf3 d5 2.d4 Nf6 3.c4 e6 4.Nc3 c6 5.e3 Nbd7 6.Qc2 Bd6 7.Bd3 O-O 8.O-O dxc4
9.Bxc4 b5 10.Bd3 Bb7 11.a3 a5 12.e4 e5 13.dxe5 Nxe5 14.Nxe5 Bxe5 15.h3 Nh5
16.Ne2 Re8 17.f4 Bd4+ 18.Kh2 Qb6 19.Nxd4 Qxd4 20.Qe2 Nf6 21.Be3 Qd7 22.Bc5 Qe6
23.e5 Nd7 24.Bd6 f6 25.Qh5 g6 26.Bxg6 hxg6 27.Qxg6+ Kh8 28.Qh6+ Kg8 29.Qg6+ Kh8
30.Qh5+  1-0

[Event "Autumn Cup GM"]
[Site "Bucharest ROM"]
[Date "2000.11.30"]
[Round "10"]
[White "Simantsev,M"]
[Black "Svetushkin,D"]
[Result "1-0"]
[WhiteElo "2403"]
[BlackElo "2472"]

1.d4 d5 2.Nf3 Nf6 3.c4 c6 4.e3 e6 5.Nc3 Nbd7 6.Qc2 Bd6 7.Be2 O-O 8.O-O dxc4
9.Bxc4 a6 10.Rd1 b5 11.Be2 Qc7 12.Bd2 Bb7 13.b4 a5 14.a3 axb4 15.axb4 Nd5
16.Nxd5 exd5 17.Bd3 h6 18.h3 Nb6 19.e4 Qe7 20.Rxa8 Rxa8 21.Re1 dxe4 22.Bxe4 Qf6
23.Ne5 Rc8 24.Re3 Rc7 25.Rf3 Qe6 26.Bh7+ Kh8 27.Rxf7 Rxf7 28.Ng6+ Kxh7 29.Nf8+ Kg8
30.Nxe6 Rf6 31.Nd8 Ba8 32.Qa2+ Kh7 33.Qa7 Rg6 34.Nf7 c5 35.Nxd6 Bf3 36.Nf5 Nc4
37.Ng3 Nxd2 38.gxf3 cxb4 39.Qa2 Nxf3+ 40.Kg2 Nxd4 41.Qb2 Nc6 42.h4 Kh8 43.Qc2 Rf6
44.Nh5 b3 45.Qe4 Rd6 46.Qg4 g6 47.Qc8+ Nd8 48.Qc3+  1-0

[Event "FIDE WCh Women KO"]
[Site "New Delhi IND"]
[Date "2000.11.30"]
[Round "2.1"]
[White "Peng Zhaoqin"]
[Black "Wang Lei"]
[Result "1/2-1/2"]
[WhiteElo "2403"]
[BlackElo "2498"]

1.d4 d5 2.c4 e6 3.Nf3 c6 4.e3 Nf6 5.Nc3 Nbd7 6.Qc2 Bd6 7.Bd3 O-O 8.O-O dxc4
9.Bxc4 Qe7 10.h3 e5 11.Bb3 Bb8 12.Rd1 h6 13.Nh4 Rd8 14.Nf5 Qf8 15.Bd2 exd4
16.exd4 Nb6 17.a3 Be6 18.Bxe6 fxe6 19.Nh4 Rxd4 20.Nf3 Rd8 21.Re1 Qf7 22.Ne4 Nxe4
23.Rxe4 Bc7 24.Rae1 Nd5 25.Rxe6 Re8 26.Rxe8+ Rxe8 27.Rxe8+ Qxe8  1/2-1/2